000 00737nam a2200229 a 4500
003 DLC
005 20250819105043.0
008 991125s1974 uk qr p r 000 0 eng d
022 _a0952-3383
035 _aUPN01000059658
040 _aMX-MxUPN
_bspa
_cMX-MxUPN
_eaacr2
245 1 0 _aBritish journal of special education
260 _aReino Unido
_bCarfax : National Council for Special Education,
_c1974-
310 _aTrimestral
510 _aDialnet
510 _aMiar
520 1 _aEs una publicación sobre una amplia gama de necesidades educativas especiales (NEE) y abarca todos los niveles educativos.
650 4 _aEducación especial
_93029
902 _aGloria Jiménez/190825
905 _aRevista
942 _cREV-I
999 _c59585
_d59585